000 00643cam a22002293a 4500
001 23605
003 PGUSA
005 20140828083514.0
008 071124s2007||||xxu|||||s|||||000 | eng d
040 _aPGUSA
_beng
042 _adc
050 4 _aDA
100 1 _aBurke, Thomas,
_d1886-1945
245 1 0 _aNights in London
_h[electronic resource] /
_cThomas Burke
260 _bProject Gutenberg,
_c2007
506 _aPublic domain in the USA.
516 _aElectronic text
653 _aLondon (England) -- Social life and customs
830 0 _aProject Gutenberg
_v23605
856 4 0 _uhttp://www.gutenberg.org/ebooks/23605
942 _cEB
999 _c252860
_d252860